000 00466cam a2200193ua 4500
020 _c12.00
041 _aeng
_h
082 _a333
_bDAN/LA
100 _aDaniel, .
245 _aLand and labour in India /
_cDaniel.
_hTextual Documents
250 _a1 /
_b.
260 _aMumbai :
_bAsia Publishing House ,
_c1965.
300 _a227 :
_b` ; .
365 _a12.00
504 _a
700 1 _aThorner, Alice .
942 _cBK
999 _c1791
_d1791